000 00234 a2200097 4500
001 57447
100 _a
245 _aGPRS ; gateway to third generation mobile networks
260 _aBoston
_bArtech house
_c2006
090 _c35178
_d35178
942 _aNUST-CAE
_c
_c27978
999 _c292520
_d292520